000 00754pam a2200241 a 4500
001 4787459
005 20241115110301.0
008 871008s1988 caua 001 0 eng
020 _a9780534089160
050 0 0 _aQA152.2
_b.J63 1988
082 0 0 _a512
_219
100 1 _aJohnston, C. L.
_q(Carol Lee),
_d1911-
245 1 0 _aEssential algebra /
_cC.L. Johnston, Alden T. Willis, Jeanne Lazaris.
250 _a5th ed.
260 _aBelmont, Calif. :
_bWadsworth Pub. Co.,
_cc1988.
300 _axiv, 683 p. :
_bill. ;
_c28 cm.
500 _aAlgebra symbols and square root table on lining papers.
500 _aIncludes index.
650 0 _aAlgebra.
700 1 _aWillis, Alden T.
700 1 _aLazaris, Jeanne,
_d1932-
942 _2lcc
_cBK
_e5th Ed.
_n0
999 _c1236
_d1236